000
00335nam a2200133Ia 4500
008
240624s9999 xx 000 0 und d
041
_a
eng
082
_a
650.1 FRI
100
_a
FRITZ ROGER
245
_a
POWER OF A POSITIVE ATTITUDE DISCOVERING
260
_c
2008
_a
New York
_b
AMACOM
300
_a
118 : p. : cm. ; 22
365
_c
_b
30
999
_c
11196
_d
11196